| 000 | 00437nam a2200145 4500 | ||
|---|---|---|---|
| 005 | 20260217092701.0 | ||
| 008 | 260217b |||||||| |||| 00| 0 eng d | ||
| 020 | _a9780071845748 | ||
| 100 | _aLevinson Warren | ||
| 245 |
_aReview of Medical Microbiology and Immunology _c/Warren Levinson |
||
| 250 | _a14th ed | ||
| 260 |
_aUnited States of America; _bMcGraw-Hill Companies; _c2016 |
||
| 300 |
_aix, 821p. ill; _c27.5cm |
||
| 942 |
_2lcc _n0 _cBK |
||
| 999 |
_c160 _d160 |
||